000
00313nam a2200133Ia 4500
100
_a
Heine/ Loper/Rosenthal/ Rosenthal/P.C
942
_c
BK
654
_a
Casting
245
_a
Principles of Metal Casting
260
_b
Tata Mc Graw hill
_a
NewDelhi
_c
1976
082
_a
671.2
300
_a
736
546
_a
ENGLISH
999
_c
25279
_d
25279